A brief history of the soul / (Record no. 18785)
[ view plain ]
| 000 -LEADER | |
|---|---|
| fixed length control field | 02522cam a2200517Ka 4500 |
| 001 - CONTROL NUMBER | |
| control field | ocn739118519 |
| 003 - CONTROL NUMBER IDENTIFIER | |
| control field | OCoLC |
| 005 - DATE AND TIME OF LATEST TRANSACTION | |
| control field | 20220701010832.0 |
| 006 - FIXED-LENGTH DATA ELEMENTS--ADDITIONAL MATERIAL CHARACTERISTICS--GENERAL INFORMATION | |
| fixed length control field | m o d |
| 007 - PHYSICAL DESCRIPTION FIXED FIELD--GENERAL INFORMATION | |
| fixed length control field | cr cn||||||||| |
| 008 - FIXED-LENGTH DATA ELEMENTS--GENERAL INFORMATION | |
| fixed length control field | 110706s2011 mau ob 001 0 eng d |
| 040 ## - CATALOGING SOURCE | |
| Original cataloging agency | DG1 |
| Language of cataloging | eng |
| Description conventions | pn |
| Transcribing agency | DG1 |
| Modifying agency | E7B |
| -- | CDX |
| -- | OCLCQ |
| -- | YDXCP |
| -- | OCLCO |
| -- | OCLCQ |
| -- | OCLCF |
| -- | OCLCA |
| -- | OCLCQ |
| -- | DG1 |
| 020 ## - INTERNATIONAL STANDARD BOOK NUMBER | |
| ISBN | 9781444395938 |
| Qualifying information | (electronic bk.) |
| 020 ## - INTERNATIONAL STANDARD BOOK NUMBER | |
| ISBN | 1444395939 |
| Qualifying information | (electronic bk.) |
| 029 1# - (OCLC) | |
| OCLC library identifier | AU@ |
| System control number | 000049641704 |
| 029 1# - (OCLC) | |
| OCLC library identifier | CHNEW |
| System control number | 000623539 |
| 029 1# - (OCLC) | |
| OCLC library identifier | DEBBG |
| System control number | BV040841979 |
| 029 1# - (OCLC) | |
| OCLC library identifier | GBVCP |
| System control number | 790033844 |
| 029 1# - (OCLC) | |
| OCLC library identifier | NZ1 |
| System control number | 15900654 |
| 035 ## - SYSTEM CONTROL NUMBER | |
| System control number | (OCoLC)739118519 |
| 037 ## - SOURCE OF ACQUISITION | |
| Stock number | 10.1002/9781444395938 |
| Source of stock number/acquisition | Wiley InterScience |
| Note | http://www3.interscience.wiley.com |
| 050 #4 - LIBRARY OF CONGRESS CALL NUMBER | |
| Classification number | BD421 |
| Item number | .G64 2011 |
| 082 04 - DEWEY DECIMAL CLASSIFICATION NUMBER | |
| Classification number | 128/.109 |
| Edition number | 22 |
| 049 ## - LOCAL HOLDINGS (OCLC) | |
| Holding library | MAIN |
| 100 1# - MAIN ENTRY--PERSONAL NAME | |
| Personal name | Goetz, Stewart. |
| 245 12 - TITLE STATEMENT | |
| Title | A brief history of the soul / |
| Statement of responsibility, etc | Stewart Goetz and Charles Taliaferro. |
| 260 ## - PUBLICATION, DISTRIBUTION, ETC. (IMPRINT) | |
| Place of publication, distribution, etc | Malden, MA : |
| Name of publisher, distributor, etc | Wiley-Blackwell, |
| Date of publication, distribution, etc | 2011. |
| 300 ## - PHYSICAL DESCRIPTION | |
| Extent | 1 online resource (228 pages). |
| 336 ## - | |
| -- | text |
| -- | txt |
| -- | rdacontent |
| 337 ## - | |
| -- | computer |
| -- | c |
| -- | rdamedia |
| 338 ## - | |
| -- | online resource |
| -- | cr |
| -- | rdacarrier |
| 490 1# - SERIES STATEMENT | |
| Series statement | Brief histories of philosophy |
| 505 0# - FORMATTED CONTENTS NOTE | |
| Formatted contents note | Front Matter -- Introduction -- The Soul in Greek Thought -- The Soul in Medieval Christian Thought -- The Soul in Continental Thought -- The Soul in Locke, Butler, Reid, Hume, and Kant -- The Problem of Soul₆Body Causal Interaction -- The Soul and Contemporary Science -- Contemporary Challenges to the Soul -- Thoughts on the Future of the Soul -- Bibliography -- Index. |
| 504 ## - BIBLIOGRAPHY, ETC. NOTE | |
| Bibliography, etc | Includes bibliographical references and index. |
| 505 0# - FORMATTED CONTENTS NOTE | |
| Formatted contents note | The soul in Greek thought -- The soul in medieval Christian thought -- The soul in continental thought -- The soul in Locke, Butler, Reid, Hume, and Kant -- The problem of soul-body causal interaction -- The soul and contemporary science -- Contemporary challenges to the soul -- Thoughts on the future of the soul. |
| 588 0# - | |
| -- | Print version record. |
| 650 #0 - SUBJECT ADDED ENTRY--TOPICAL TERM | |
| Topical term or geographic name as entry element | Soul. |
| 650 #7 - SUBJECT ADDED ENTRY--TOPICAL TERM | |
| Topical term or geographic name as entry element | Soul. |
| Source of heading or term | fast |
| -- | (OCoLC)fst01432098 |
| 655 #4 - INDEX TERM--GENRE/FORM | |
| Genre/form data or focus term | Electronic books. |
| 700 1# - ADDED ENTRY--PERSONAL NAME | |
| Personal name | Taliaferro, Charles. |
| 710 2# - ADDED ENTRY--CORPORATE NAME | |
| Corporate name or jurisdiction name as entry element | Wiley InterScience (Online service) |
| 776 08 - ADDITIONAL PHYSICAL FORM ENTRY | |
| Display text | Print version: |
| Main entry heading | Goetz, Stewart. |
| Title | Brief history of the soul. |
| Place, publisher, and date of publication | Malden, MA : Wiley-Blackwell, 2011 |
| International Standard Book Number | 9781405196338 |
| Record control number | (DLC) 2010043497 |
| -- | (OCoLC)671541114 |
| 830 #0 - SERIES ADDED ENTRY--UNIFORM TITLE | |
| Uniform title | Brief histories of philosophy. |
| 856 40 - ELECTRONIC LOCATION AND ACCESS | |
| Uniform Resource Identifier | <a href="http://dx.doi.org/10.1002/9781444395938">http://dx.doi.org/10.1002/9781444395938</a> |
| Public note | Wiley Online Library |
| 994 ## - | |
| -- | 92 |
| -- | DG1 |
No items available.